[Event "ODJM A 2017"]
[Site "Willingen GER"]
[Date "2017.06.06"]
[Round "5"]
[White "Gutschenreiter, Donato"]
[Black "Brunner, Tobias"]
[Result "1/2-1/2"]
[Termination "normal"]
[Board "36"]
[WhiteElo "1701"]
[BlackElo "1841"]
[PlyCount "80"]
[WhiteFideId "12975540"]
[BlackFideId "12949833"]
[EventCountry "GER"]
[EventRounds "9"]
[EventType "swiss"]
[EventDate "2017.06.03"]

1. e4 d5 2. exd5 Qxd5 3. Nc3 Qa5 4. d4 c6 5. Nf3 Nf6 6. g3 Bg4 7. Bg2 e6 8. O-O
Bd6 9. Ne2 Nbd7 10. c4 Qh5 11. Nf4 Bxf4 12. Bxf4 Nb6 13. Qb3 O-O 14. Ne5 Bh3
15. Bf3 Qf5 16. Bg2 Bxg2 17. Kxg2 g5 18. Be3 Rab8 19. Rac1 Nbd7 20. Qd3 Qxd3
21. Nxd3 h6 22. h4 Nh7 23. Rh1 f5 24. hxg5 hxg5 25. Ne5 Nxe5 26. dxe5 Rf7 27.
Rh6 f4 28. gxf4 gxf4 29. Bxa7 Ra8 30. Bd4 Rd7 31. Bc5 Rxa2 32. Ba3 Nf8 33. Rch1
Rg7+ 34. Kf3 Ng6 35. Ke4 b5 36. cxb5 cxb5 37. Rg1 Kf7 38. Rc1 b4 39. Rc7+ Kf8
40. Rc8+ Kf7 1/2-1/2

[Event "ODJM A 2017"]
[Site "Willingen GER"]
[Date "2017.06.06"]
[Round "5"]
[White "Thumm, Felix"]
[Black "Straßburg, Robin"]
[Result "1/2-1/2"]
[Termination "normal"]
[Board "37"]
[WhiteElo "1879"]
[BlackElo "1673"]
[PlyCount "97"]
[WhiteFideId "12902209"]
[BlackFideId "16210018"]
[EventCountry "GER"]
[EventRounds "9"]
[EventType "swiss"]
[EventDate "2017.06.03"]

1. d4 d5 2. Nf3 e6 3. e3 f5 4. Bd3 Nf6 5. Nbd2 Bd6 6. b3 O-O 7. Bb2 Nbd7 8. c4
Ne4 9. O-O c6 10. Ne5 Ndf6 11. f3 Nxd2 12. Qxd2 Bd7 13. Rae1 Qe7 14. Qc2 g6 15.
Re2 Rad8 16. Rfe1 a6 17. e4 fxe4 18. fxe4 Bxe5 19. dxe5 Nxe4 20. Bxe4 dxe4 21.
Qxe4 Bc8 22. Bc1 Rf5 23. Re3 Qd7 24. Rf1 Rxf1+ 25. Kxf1 Rf8+ 26. Ke2 Rd8 27.
Rd3 Qxd3+ 28. Qxd3 Rxd3 29. Kxd3 Kf7 30. a4 Ke7 31. Ke4 c5 32. Be3 b6 33. a5
bxa5 34. Bxc5+ Ke8 35. Kd4 Bd7 36. Bd6 a4 37. bxa4 Bxa4 38. Kc5 Kd7 39. Kb6 Bc6
40. g3 h5 41. h4 a5 42. Kxa5 Bf3 43. Kb6 Be2 44. Kc5 Bf3 45. Kd4 Bh1 46. Ke3
Ba8 47. Kf4 Ke8 48. c5 Bc6 49. Kg5 1/2-1/2

[Event "ODJM A 2017"]
[Site "Willingen GER"]
[Date "2017.06.06"]
[Round "5"]
[White "Engel, Robert"]
[Black "Grunert, Wilhelm"]
[Result "1-0"]
[Termination "normal"]
[Board "38"]
[WhiteElo "1887"]
[BlackElo "1584"]
[PlyCount "106"]
[WhiteFideId "12974684"]
[BlackFideId "12995673"]
[EventCountry "GER"]
[EventRounds "9"]
[EventType "swiss"]
[EventDate "2017.06.03"]

1. e4 c5 2. Nf3 Nc6 3. d4 cxd4 4. Nxd4 g6 5. c4 Nf6 6. Nc3 Nxd4 7. Qxd4 d6 8.
f3 Bg7 9. Be3 O-O 10. Qd2 Be6 11. Be2 Qa5 12. O-O Rfc8 13. b3 a6 14. Rac1 b5
15. Nd5 Qxd2 16. Bxd2 Bxd5 17. cxd5 Nd7 18. Rxc8+ Rxc8 19. Rc1 Rxc1+ 20. Bxc1
Bd4+ 21. Kf1 Kf8 22. Bd1 Ke8 23. Ke2 Nc5 24. b4 Nd7 25. Kd3 Bg7 26. Bb3 Ne5+
27. Kc2 Kd7 28. Bb2 Bf6 29. h3 Kc7 30. Bd4 Nd7 31. Be3 Nb6 32. Kd3 Nd7 33. f4
Kd8 34. g4 Ke8 35. a4 Kf8 36. Bd1 Bh4 37. Kd2 bxa4 38. Bxa4 Nf6 39. Bc2 h5 40.
g5 Nd7 41. Bd3 Ke8 42. Bxa6 Kd8 43. Kc3 Kc7 44. Kc4 Be1 45. Bb5 e6 46. Bc6 Bh4
47. Kb5 Be1 48. dxe6 fxe6 49. f5 Nf8 50. fxg6 Nxg6 51. Be8 Ne7 52. Bxh5 Bc3 53.
Bf7 Kd7 1-0

[Event "ODJM A 2017"]
[Site "Willingen GER"]
[Date "2017.06.06"]
[Round "5"]
[White "Arnold, Leander"]
[Black "Pölt, Christoph"]
[Result "1/2-1/2"]
[Termination "normal"]
[Board "40"]
[WhiteElo "1625"]
[BlackElo "1905"]
[PlyCount "45"]
[WhiteFideId "12990230"]
[BlackFideId "12960853"]
[EventCountry "GER"]
[EventRounds "9"]
[EventType "swiss"]
[EventDate "2017.06.03"]

1. d4 Nf6 2. Nf3 g6 3. e3 Bg7 4. Bd3 O-O 5. O-O c5 6. c3 d5 7. Nbd2 Nc6 8. b3
Nd7 9. Bb2 e5 10. dxe5 Ndxe5 11. Nxe5 Nxe5 12. Be2 Bf5 13. Nf3 Rc8 14. Nxe5
Bxe5 15. Bg4 Qh4 16. h3 Bxg4 17. Qxg4 Qf6 18. Rac1 Qe6 19. Rfd1 Rfd8 20. Rd2
Rc6 21. Qf3 Rcd6 22. Rcd1 b6 23. Ba1 1/2-1/2

[Event "ODJM A 2017"]
[Site "Willingen GER"]
[Date "2017.06.06"]
[Round "5"]
[White "Ostra, Noah"]
[Black "Doll, Alexander"]
[Result "1-0"]
[Termination "normal"]
[Board "41"]
[WhiteElo "1647"]
[BlackElo "1784"]
[PlyCount "53"]
[WhiteFideId "16228979"]
[BlackFideId "16228294"]
[EventCountry "GER"]
[EventRounds "9"]
[EventType "swiss"]
[EventDate "2017.06.03"]

1. e4 e5 2. Nf3 Nc6 3. Bb5 a6 4. Ba4 d6 5. d4 b5 6. Bb3 Nxd4 7. Nxd4 exd4 8.
Qh5 Qe7 9. Qd5 Rb8 10. O-O Nf6 11. Qc6+ Qd7 12. Qxd7+ Bxd7 13. a4 Be7 14. axb5
axb5 15. Ra7 Rc8 16. Bg5 O-O 17. Rd1 h6 18. Bf4 Nxe4 19. Re1 Bg5 20. Rxe4 Rfe8
21. Rxe8+ Rxe8 22. Bd2 Bxd2 23. Nxd2 Re1+ 24. Nf1 b4 25. Rxc7 Bf5 26. Rxf7 Bxc2
27. Re7+ 1-0

[Event "ODJM A 2017"]
[Site "Willingen GER"]
[Date "2017.06.06"]
[Round "5"]
[White "Bold, Andre"]
[Black "Hoppe, Nico"]
[Result "1-0"]
[Termination "normal"]
[Board "42"]
[WhiteElo "1905"]
[BlackElo "1583"]
[PlyCount "63"]
[WhiteFideId "16208471"]
[BlackFideId "16225520"]
[EventCountry "GER"]
[EventRounds "9"]
[EventType "swiss"]
[EventDate "2017.06.03"]

1. e4 c6 2. Nf3 d5 3. Nc3 Bg4 4. h3 Bh5 5. Be2 dxe4 6. Nxe4 Nd7 7. d4 Bg6 8.
Ng3 e6 9. Bf4 Ngf6 10. O-O Be7 11. c4 O-O 12. Qb3 Qb6 13. Qxb6 Nxb6 14. Ne5 c5
15. Nxg6 hxg6 16. dxc5 Bxc5 17. b3 Rfd8 18. Rad1 Kf8 19. Bf3 Rxd1 20. Rxd1 Ke7
21. Bxb7 Rd8 22. Rxd8 Kxd8 23. Ne4 Nxe4 24. Bxe4 Nd7 25. Kf1 Nf6 26. Bc2 Kd7
27. Ke2 a6 28. Bd2 Kc6 29. Bc3 Kd6 30. b4 Ba7 31. c5+ Kc6 32. Bxf6 1-0

[Event "ODJM A 2017"]
[Site "Willingen GER"]
[Date "2017.06.06"]
[Round "5"]
[White "Greßmann, Moritz"]
[Black "Brockmeyer, Tobias"]
[Result "1-0"]
[Termination "normal"]
[Board "43"]
[WhiteElo "2100"]
[BlackElo "1586"]
[PlyCount "77"]
[WhiteFideId "24695084"]
[BlackFideId "12982385"]
[EventCountry "GER"]
[EventRounds "9"]
[EventType "swiss"]
[EventDate "2017.06.03"]

1. e4 c5 2. Nf3 e6 3. b3 b6 4. Bb2 Bb7 5. d3 Nc6 6. g3 d5 7. Nbd2 Nf6 8. Bg2
Be7 9. O-O d4 10. Ne1 O-O 11. f4 Rc8 12. h3 b5 13. g4 Ba6 14. a4 Ne8 15. axb5
Bxb5 16. Nc4 Bxc4 17. dxc4 Qc7 18. Nd3 a5 19. Ba3 Nb4 20. Bxb4 axb4 21. Ra4 g6
22. e5 Ng7 23. Qa1 h5 24. Ra7 Qd8 25. Qa5 Qxa5 26. Rxa5 Rc7 27. Rfa1 Rfc8 28.
Be4 Kf8 29. Rf1 hxg4 30. hxg4 Ke8 31. Kg2 Kf8 32. f5 gxf5 33. gxf5 exf5 34.
Bxf5 Nxf5 35. Rxf5 Kg7 36. Nf4 Rc6 37. Kf3 Rd8 38. Ra7 Re8 39. Nd5 1-0

[Event "ODJM A 2017"]
[Site "Willingen GER"]
[Date "2017.06.06"]
[Round "5"]
[White "Kornitzky, Tino"]
[Black "Pahl, Theis"]
[Result "1-0"]
[Termination "normal"]
[Board "44"]
[WhiteElo "1996"]
[BlackElo "1664"]
[PlyCount "77"]
[WhiteFideId "12970379"]
[BlackFideId "16201264"]
[EventCountry "GER"]
[EventRounds "9"]
[EventType "swiss"]
[EventDate "2017.06.03"]

1. d4 Nf6 2. c4 g6 3. Nc3 Bg7 4. e4 d6 5. Nf3 O-O 6. Be2 e5 7. d5 a5 8. Bg5 h6
9. Bh4 Na6 10. O-O Bd7 11. Qc2 Qe8 12. Nd2 Nh7 13. f3 h5 14. b3 Bh6 15. a3 Be3+
16. Bf2 Bxf2+ 17. Rxf2 f5 18. Rff1 Qe7 19. b4 axb4 20. axb4 Qg5 21. Rab1 h4 22.
h3 Nf6 23. f4 exf4 24. Nf3 Qg3 25. Bd3 fxe4 26. Ne2 exd3 27. Qxd3 Bf5 28. Qd4
Qxf3 29. gxf3 Bxb1 30. Rxb1 g5 31. Qd3 Kg7 32. Nd4 Rg8 33. Ne6+ Kh6 34. Kh2 Nh5
35. Qc3 Rae8 36. Re1 Ng3 37. Qf6+ Rg6 38. Qf7 Ra8 39. Nf8 1-0

[Event "ODJM A 2017"]
[Site "Willingen GER"]
[Date "2017.06.06"]
[Round "5"]
[White "Göttel, Tobias"]
[Black "Thumm, Niklas"]
[Result "1/2-1/2"]
[Termination "normal"]
[Board "45"]
[WhiteElo "1976"]
[BlackElo "1772"]
[PlyCount "53"]
[WhiteFideId "24693316"]
[BlackFideId "12918733"]
[EventCountry "GER"]
[EventRounds "9"]
[EventType "swiss"]
[EventDate "2017.06.03"]

1. e4 e5 2. Nf3 Nc6 3. Bb5 Nf6 4. d3 Bc5 5. O-O d6 6. h3 Bd7 7. c3 O-O 8. Bg5
h6 9. Bh4 Ne7 10. Bxd7 Nxd7 11. d4 Bb6 12. dxe5 dxe5 13. Nxe5 Nxe5 14. Qxd8
Rfxd8 15. Bxe7 Re8 16. Ba3 Nc4 17. b3 Nxa3 18. Nxa3 Rxe4 19. Rfe1 Rxe1+ 20.
Rxe1 Rd8 21. Nc4 Bc5 22. b4 Bf8 23. Na5 Rd3 24. Nxb7 Rxc3 25. Re8 g6 26. a4 Rc4
27. Ra8 1/2-1/2

[Event "ODJM A 2017"]
[Site "Willingen GER"]
[Date "2017.06.06"]
[Round "5"]
[White "Hetzner, Hannes"]
[Black "Hinrichs, Paul"]
[Result "1-0"]
[Termination "normal"]
[Board "46"]
[WhiteElo "1602"]
[BlackElo "1916"]
[PlyCount "95"]
[WhiteFideId "16211936"]
[BlackFideId "12942545"]
[EventCountry "GER"]
[EventRounds "9"]
[EventType "swiss"]
[EventDate "2017.06.03"]

1. e4 e5 2. Nf3 Nc6 3. Bb5 a6 4. Bxc6 dxc6 5. O-O Bg4 6. h3 Bh5 7. d3 f6 8. Be3
Qd7 9. Nbd2 c5 10. Nxe5 Bxd1 11. Nxd7 Bxc2 12. Rfc1 Kxd7 13. Rxc2 b6 14. Rac1
Rc8 15. b4 cxb4 16. Bxb6 Bd6 17. Nc4 Ne7 18. f3 Bf4 19. Rb1 cxb6 20. Nxb6+ Kd6
21. Nxc8+ Rxc8 22. Rxc8 Nxc8 23. Rxb4 Be3+ 24. Kf1 a5 25. Rb7 Bh6 26. Rb5 Bd2
27. Rb7 Ne7 28. Ke2 Bb4 29. d4 Kc6 30. Rb8 Ng6 31. Rg8 Bf8 32. h4 h5 33. g4
hxg4 34. h5 Nf4+ 35. Ke3 Bd6 36. fxg4 Kb5 37. Rxg7 Ne6 38. Rf7 Bf4+ 39. Kd3 Bg5
40. e5 fxe5 41. Rf5 Bf4 42. dxe5 Kb4 43. Rxf4+ Nxf4+ 44. Ke4 Ne6 45. Kf5 Nd8
46. h6 Nf7 47. h7 Ka3 48. e6 1-0

[Event "ODJM A 2017"]
[Site "Willingen GER"]
[Date "2017.06.06"]
[Round "5"]
[White "Kostanyan, Hakob"]
[Black "Fuhrmann, Åke"]
[Result "1-0"]
[Termination "normal"]
[Board "47"]
[WhiteElo "1737"]
[BlackElo "1793"]
[PlyCount "53"]
[WhiteFideId "12977683"]
[BlackFideId "12983853"]
[EventCountry "GER"]
[EventRounds "9"]
[EventType "swiss"]
[EventDate "2017.06.03"]

1. e4 c5 2. Nf3 d6 3. d4 cxd4 4. Nxd4 Nf6 5. Nc3 g6 6. Be2 Bg7 7. Be3 O-O 8. f4
Nc6 9. Qd2 Bd7 10. h3 Nxd4 11. Bxd4 Bc6 12. Bf3 Qa5 13. Qe3 e5 14. fxe5 dxe5
15. Bc5 Rfd8 16. O-O b6 17. Be7 Rd7 18. Bxf6 Bxf6 19. Bg4 Rd6 20. a3 b5 21. Kh1
Bg7 22. Qc5 Rad8 23. a4 Qb6 24. Qxb6 axb6 25. axb5 Ba8 26. Ra7 Rd4 27. Rfxf7
1-0

[Event "ODJM A 2017"]
[Site "Willingen GER"]
[Date "2017.06.06"]
[Round "5"]
[White "Noever, Niklas"]
[Black "Knüdel, Torben"]
[Result "1/2-1/2"]
[Termination "normal"]
[Board "48"]
[WhiteElo "1628"]
[BlackElo "1845"]
[PlyCount "120"]
[WhiteFideId "12988642"]
[BlackFideId "16208820"]
[EventCountry "GER"]
[EventRounds "9"]
[EventType "swiss"]
[EventDate "2017.06.03"]

1. d4 Nf6 2. Nf3 e6 3. Bf4 a6 4. e3 b5 5. Nbd2 Bb7 6. c4 bxc4 7. Nxc4 d5 8.
Nce5 Bb4+ 9. Nd2 O-O 10. a3 Bd6 11. Qb3 Nc6 12. Rc1 Rb8 13. Qc2 Bxe5 14. dxe5
Nd7 15. Nf3 h6 16. Bd3 Qe7 17. h4 f6 18. exf6 Qxf6 19. Bh7+ Kf7 20. Ng5+ Ke7
21. Bg6 e5 22. Nh7 Qd6 23. Nxf8 Nxf8 24. Bh5 exf4 25. O-O g6 26. Bg4 Ne5 27.
Bh3 f3 28. Qxc7+ Qxc7 29. Rxc7+ Kd6 30. Rc2 g5 31. hxg5 hxg5 32. gxf3 Nfg6 33.
Kg2 Rf8 34. Rd1 Nh4+ 35. Kf1 Nexf3 36. Bg2 g4 37. Bxf3 Nxf3 38. Kg2 Rh8 39. Kg3
Ne5 40. Rd4 Rh3+ 41. Kg2 Nf3 42. Rxg4 Ne1+ 43. Kxh3 Nxc2 44. Kg3 Ke5 45. Rg6 d4
46. exd4+ Nxd4 47. Rb6 Bc8 48. Rb8 Bd7 49. Rb6 Bc8 50. a4 Ne2+ 51. Kf3 Nf4 52.
Rb8 Bd7 53. Rb6 Bc8 54. b4 Nd5 55. Rb8 Bd7 56. b5 axb5 57. axb5 Kd6 58. Kg3 Kc7
59. Rh8 Bxb5 60. f4 Bd7 1/2-1/2

[Event "ODJM A 2017"]
[Site "Willingen GER"]
[Date "2017.06.06"]
[Round "5"]
[White "Herbrig, Marie-Helén"]
[Black "Verhufen, Hendrik"]
[Result "1-0"]
[Termination "normal"]
[Board "49"]
[WhiteElo "1884"]
[BlackElo "1408"]
[PlyCount "113"]
[WhiteFideId "12900427"]
[BlackFideId "12975818"]
[EventCountry "GER"]
[EventRounds "9"]
[EventType "swiss"]
[EventDate "2017.06.03"]

1. d4 Nf6 2. Nf3 e6 3. Bf4 c5 4. e3 Nc6 5. Bd3 Nh5 6. Bg3 Nxg3 7. hxg3 Qb6 8.
dxc5 Qxb2 9. Nbd2 Bxc5 10. Nb3 Qc3+ 11. Nfd2 Be7 12. O-O d5 13. Nf3 Bd7 14. Rb1
Nb4 15. Nbd4 Nxd3 16. cxd3 b6 17. Ne5 Qc7 18. Nef3 e5 19. Nb5 Bxb5 20. Rxb5 Qd7
21. Qb3 Rd8 22. Nxe5 Qe6 23. d4 f6 24. Nd3 O-O 25. Nf4 Qf7 26. Nxd5 Kh8 27. Nf4
Qxb3 28. Rxb3 Rc8 29. Rb2 g5 30. Nd5 Bd6 31. Rbb1 Kg7 32. Rfc1 Rcd8 33. Nc7
Bxc7 34. Rxc7+ Rf7 35. Rbc1 Rdd7 36. Rxd7 Rxd7 37. Kf1 Kf7 38. Rc6 g4 39. Ke2
Ke7 40. Kd3 Rd6 41. Rc7+ Rd7 42. Rxd7+ Kxd7 43. Kc4 a6 44. Kd5 h6 45. e4 h5 46.
e5 fxe5 47. dxe5 b5 48. f4 gxf3 49. gxf3 a5 50. f4 b4 51. Kc5 Ke6 52. Kb5 Kf5
53. Kxa5 Kg4 54. e6 Kxg3 55. e7 h4 56. e8=Q h3 57. Qe4 1-0

[Event "ODJM A 2017"]
[Site "Willingen GER"]
[Date "2017.06.06"]
[Round "5"]
[White "Adelmeyer, Matti"]
[Black "Schilay, Lorenz"]
[Result "0-1"]
[Termination "normal"]
[Board "50"]
[WhiteElo "1677"]
[BlackElo "1875"]
[PlyCount "90"]
[WhiteFideId "12962520"]
[BlackFideId "12930180"]
[EventCountry "GER"]
[EventRounds "9"]
[EventType "swiss"]
[EventDate "2017.06.03"]

1. e4 e5 2. Nf3 Nc6 3. d4 exd4 4. Nxd4 Bc5 5. Be3 Qf6 6. c3 Nge7 7. Bc4 O-O 8.
O-O Ne5 9. Bb3 d6 10. Nd2 Ng4 11. Qe2 Nxe3 12. Qxe3 Nc6 13. N2f3 Ne5 14. Qd2
Qg6 15. Qf4 Bd7 16. Nh4 Qh5 17. Bd1 Bg4 18. Nhf5 Bxd1 19. Raxd1 Rae8 20. Ng3
Qg4 21. Qxg4 Nxg4 22. h3 Ne5 23. Rfe1 g6 24. Nge2 Nd7 25. Nf4 Bxd4 26. cxd4 f5
27. exf5 Rxe1+ 28. Rxe1 Rxf5 29. Ne6 c5 30. dxc5 Nxc5 31. Nxc5 dxc5 32. Re7 Rf7
33. Rxf7 Kxf7 34. Kf1 Ke6 35. Ke2 Kd5 36. Kd3 c4+ 37. Kc3 Kc5 38. g4 g5 39. a3
b5 40. f3 a5 41. Kd2 Kd4 42. Ke2 b4 43. h4 gxh4 44. f4 Ke4 45. f5 Ke5 0-1

[Event "ODJM A 2017"]
[Site "Willingen GER"]
[Date "2017.06.06"]
[Round "5"]
[White "Udaykumar, Arunn Mark"]
[Black "Gallasch, Robin"]
[Result "0-1"]
[Termination "normal"]
[Board "51"]
[WhiteElo "1793"]
[BlackElo "1562"]
[PlyCount "84"]
[WhiteFideId "12965456"]
[BlackFideId "16222423"]
[EventCountry "GER"]
[EventRounds "9"]
[EventType "swiss"]
[EventDate "2017.06.03"]

1. d4 Nf6 2. Nc3 d5 3. Bg5 e6 4. e4 Be7 5. e5 Nfd7 6. Bxe7 Qxe7 7. f4 c5 8. Nf3
a6 9. Ne2 Nc6 10. c3 O-O 11. a3 c4 12. Ng3 f5 13. Be2 b5 14. Qc2 Rb8 15. Bd1 a5
16. Qe2 Nd8 17. Ng5 Nf7 18. h4 Nxg5 19. hxg5 g6 20. Qf3 Bb7 21. Ne2 Bc6 22. g4
b4 23. gxf5 exf5 24. axb4 axb4 25. Qh3 bxc3 26. bxc3 Ra8 27. Rc1 Rfb8 28. Ng3
Nf8 29. Bc2 Bd7 30. O-O Qa3 31. Bxf5 Bxf5 32. Nxf5 gxf5 33. Qxf5 Ra6 34. Qg4
Qb2 35. f5 Ra2 36. Qh3 Qd2 37. Rb1 Qxg5+ 38. Kh1 Rxb1 39. Rxb1 Qf4 40. Re1 Qd2
41. Rg1+ Kh8 42. Qg3 Qh6+ 0-1

[Event "ODJM A 2017"]
[Site "Willingen GER"]
[Date "2017.06.06"]
[Round "5"]
[White "Meijerink, Inken"]
[Black "Diegel, Jonas"]
[Result "0-1"]
[Termination "normal"]
[Board "52"]
[WhiteElo "1532"]
[BlackElo "1554"]
[PlyCount "132"]
[WhiteFideId "16225465"]
[BlackFideId "16206061"]
[EventCountry "GER"]
[EventRounds "9"]
[EventType "swiss"]
[EventDate "2017.06.03"]

1. e4 e6 2. Nf3 d5 3. e5 c5 4. b4 cxb4 5. a3 Nc6 6. axb4 Bxb4 7. c3 Ba5 8. d4
Nge7 9. Bd3 Qc7 10. O-O Nf5 11. Ba3 Nce7 12. Qc2 Bd7 13. Bd6 Qd8 14. Nbd2 Rc8
15. Ra3 Bb6 16. Nb3 Nxd6 17. exd6 Ng6 18. Rfa1 Bc6 19. Na5 Qxd6 20. c4 dxc4 21.
Nxc4 Qd8 22. Nxb6 axb6 23. Qd1 O-O 24. Bc2 Nf4 25. Qb1 h6 26. Rb3 Bxf3 27. Rxf3
Qxd4 28. Ra4 Qc5 29. Rfxf4 Qxc2 30. Qxc2 Rxc2 31. g3 Rd8 32. Rab4 Rd6 33. Rb5
Kf8 34. Rfb4 Rcc6 35. Kg2 Ke7 36. Kf3 Kd7 37. Ke4 Kc7 38. f4 Rc5 39. h4 Kc6 40.
Rxb6+ Kd7 41. Rxb7+ Rc7 42. g4 Rdc6 43. Rxc7+ Rxc7 44. f5 exf5+ 45. Kxf5 Rc5+
46. Ke4 Kd6 47. h5 Rc6 48. Kf5 Rc5+ 49. Kf4 Rd5 50. Rb6+ Ke7 51. Rb7+ Ke6 52.
Rb6+ Rd6 53. Rb4 Kf6 54. Ra4 g6 55. hxg6 Kxg6 56. Ra8 Rd4+ 57. Kg3 h5 58. gxh5+
Kxh5 59. Ra5+ Kg6 60. Ra1 Kg5 61. Kf3 Rb4 62. Rg1+ Kf5 63. Ke3 Ke5 64. Rg5+ f5
65. Kf2 Kf4 66. Rg3 Rb2+ 0-1

[Event "ODJM A 2017"]
[Site "Willingen GER"]
[Date "2017.06.06"]
[Round "5"]
[White "Todua, Anastasia"]
[Black "Riegel, Arinna"]
[Result "0-1"]
[Termination "normal"]
[Board "54"]
[WhiteElo "1588"]
[BlackElo "1852"]
[PlyCount "76"]
[WhiteFideId "24174335"]
[BlackFideId "12931446"]
[EventCountry "GER"]
[EventRounds "9"]
[EventType "swiss"]
[EventDate "2017.06.03"]

1. e4 c5 2. Nf3 a6 3. d4 cxd4 4. Nxd4 e6 5. Be2 Qc7 6. c4 Nf6 7. Qc2 Be7 8. O-O
b6 9. Be3 Bb7 10. Nd2 Nc6 11. a3 Bc5 12. Qd3 Ne5 13. Qc2 Qd6 14. N4b3 Bxe3 15.
fxe3 Neg4 16. Nf3 Bxe4 17. Qd2 Qxd2 18. Nfxd2 Bc6 19. e4 Ne5 20. Bf3 Nxf3+ 21.
gxf3 g5 22. Nd4 Bb7 23. b4 Rc8 24. Rac1 d6 25. N2b3 Nd7 26. Rc3 Rg8 27. Nd2 g4
28. Kf2 gxf3 29. Rxf3 Ne5 30. Rf4 Nd3+ 31. Ke3 Nxf4 32. Rxf4 e5 33. Rf6 exd4+
34. Kxd4 Ke7 35. Rf2 Rg7 36. h4 Rcg8 37. Nf3 h6 38. e5 Rg4+ 0-1

[Event "ODJM A 2017"]
[Site "Willingen GER"]
[Date "2017.06.06"]
[Round "5"]
[White "Kistner, Sinan"]
[Black "Schäfer, Nicolas"]
[Result "0-1"]
[Termination "normal"]
[Board "55"]
[WhiteElo "1560"]
[BlackElo "1656"]
[PlyCount "60"]
[WhiteFideId "16219643"]
[BlackFideId "12988901"]
[EventCountry "GER"]
[EventRounds "9"]
[EventType "swiss"]
[EventDate "2017.06.03"]

1. c4 Nf6 2. Nf3 c5 3. g3 Nc6 4. Nc3 g6 5. Bg2 Bg7 6. O-O O-O 7. d4 cxd4 8.
Nxd4 e6 9. Ndb5 Ne8 10. Ne4 d5 11. cxd5 exd5 12. Nc5 Qb6 13. Qxd5 Qxb5 14. Nd3
Qxd5 15. Bxd5 Nc7 16. Bg2 Bf5 17. Nc5 Na5 18. Nxb7 Nxb7 19. Bxb7 Rab8 20. Bg2
Bxb2 21. Bxb2 Rxb2 22. Rfc1 Nb5 23. e4 Be6 24. Rab1 Rxb1 25. Rxb1 Nc3 26. Rb7
Bxa2 27. Rxa7 Rb8 28. h4 Rb1+ 29. Kh2 Rb2 30. Rc7 Nd1 0-1

[Event "ODJM A 2017"]
[Site "Willingen GER"]
[Date "2017.06.06"]
[Round "5"]
[White "Meyer, Nico"]
[Black "Bayer, Martin"]
[Result "1/2-1/2"]
[Termination "normal"]
[Board "56"]
[WhiteElo "1552"]
[BlackElo "1751"]
[PlyCount "54"]
[WhiteFideId "12975257"]
[BlackFideId "16206924"]
[EventCountry "GER"]
[EventRounds "9"]
[EventType "swiss"]
[EventDate "2017.06.03"]

1. e4 Nf6 2. e5 Nd5 3. d4 d6 4. c4 Nb6 5. exd6 cxd6 6. Nc3 Nc6 7. Be3 Bf5 8.
Bd3 Bxd3 9. Qxd3 Rc8 10. b3 g6 11. Nf3 Bg7 12. O-O O-O 13. Rfe1 d5 14. c5 Nd7
15. Re2 e5 16. dxe5 Ndxe5 17. Nxe5 Bxe5 18. Bd2 Qh4 19. g3 Qb4 20. Rc1 Qxc5 21.
Qxd5 Qxd5 22. Nxd5 Bd6 23. Bh6 Rfd8 24. Bg5 Rf8 25. Bh6 Rfd8 26. Bg5 Rf8 27.
Bh6 Rfd8 1/2-1/2

[Event "ODJM A 2017"]
[Site "Willingen GER"]
[Date "2017.06.06"]
[Round "5"]
[White "Grund, Sebastian"]
[Black "Teschler, Ansgar"]
[Result "1/2-1/2"]
[Termination "normal"]
[Board "57"]
[WhiteElo "1840"]
[BlackElo "1791"]
[PlyCount "77"]
[WhiteFideId "12988626"]
[BlackFideId "16231139"]
[EventCountry "GER"]
[EventRounds "9"]
[EventType "swiss"]
[EventDate "2017.06.03"]

1. d4 Nf6 2. Nf3 g6 3. c4 Bg7 4. g3 d6 5. Bg2 O-O 6. O-O Nc6 7. Nc3 a6 8. Qc2
Bg4 9. Rd1 Qc8 10. Bg5 h6 11. Bf4 Re8 12. e4 Bxf3 13. Bxf3 e5 14. dxe5 Nxe5 15.
Bxe5 Rxe5 16. Nd5 Qd7 17. Nxf6+ Bxf6 18. c5 Qe6 19. Qb3 dxc5 20. Bg2 c4 21. Qe3
Qb6 22. Qxb6 cxb6 23. f4 Re7 24. e5 Bg7 25. Rd6 Re6 26. Rxe6 fxe6 27. Bxb7 Ra7
28. Bc8 Kf7 29. Rd1 Bf8 30. Rd7+ Rxd7 31. Bxd7 Bc5+ 32. Kf1 Bd4 33. Bc8 Bxb2
34. Bxa6 c3 35. Bd3 b5 36. Ke2 b4 37. Kd1 h5 38. Kc2 Ba3 39. h3 1/2-1/2

[Event "ODJM A 2017"]
[Site "Willingen GER"]
[Date "2017.06.06"]
[Round "5"]
[White "von Pückler, Konstantin"]
[Black "Baumann, Marcel"]
[Result "0-1"]
[Termination "normal"]
[Board "58"]
[WhiteElo "1525"]
[BlackElo "1712"]
[PlyCount "46"]
[WhiteFideId "16205847"]
[BlackFideId "12974668"]
[EventCountry "GER"]
[EventRounds "9"]
[EventType "swiss"]
[EventDate "2017.06.03"]

1. e4 d5 2. exd5 Qxd5 3. Nc3 Qd6 4. Bc4 Nf6 5. d3 a6 6. a4 Nc6 7. Nge2 Bg4 8.
O-O h5 9. h3 Bd7 10. Bf4 e5 11. Bd2 Be7 12. Ng3 h4 13. Nge4 Nxe4 14. Nxe4 Qg6
15. Kh2 f5 16. Nc3 Bd6 17. Kh1 O-O-O 18. Nd5 f4 19. b4 Nd4 20. f3 Bxh3 21. gxh3
Qg3 22. Be1 Qxh3+ 23. Kg1 Rh6 0-1

[Event "ODJM A 2017"]
[Site "Willingen GER"]
[Date "2017.06.06"]
[Round "5"]
[White "Conte, Adrian"]
[Black "Melde, Benjamin"]
[Result "1/2-1/2"]
[Termination "normal"]
[Board "59"]
[WhiteElo "1698"]
[BlackElo "1781"]
[PlyCount "54"]
[WhiteFideId "12925993"]
[BlackFideId "12958816"]
[EventCountry "GER"]
[EventRounds "9"]
[EventType "swiss"]
[EventDate "2017.06.03"]

1. e4 c5 2. c3 d5 3. exd5 Qxd5 4. d4 Nc6 5. Nf3 Bg4 6. Be2 e6 7. O-O Nf6 8. Be3
cxd4 9. cxd4 Be7 10. Nc3 Qa5 11. Qb3 Qb4 12. Qxb4 Bxb4 13. Rac1 O-O 14. Rfd1
Rfd8 15. h3 Bh5 16. a3 Bf8 17. g4 Bg6 18. Ne5 Ne7 19. Bf3 Nfd5 20. Nxd5 Nxd5
21. Bxd5 Rxd5 22. Nxg6 hxg6 23. Rc7 Rb5 24. Rd2 a5 25. Rd7 Rc8 26. d5 e5 27. d6
a4 1/2-1/2

[Event "ODJM A 2017"]
[Site "Willingen GER"]
[Date "2017.06.06"]
[Round "5"]
[White "Roth, Jakob"]
[Black "Lohrmann, Tabea"]
[Result "1-0"]
[Termination "normal"]
[Board "60"]
[WhiteElo "1847"]
[BlackElo "1729"]
[PlyCount "113"]
[WhiteFideId "12952605"]
[BlackFideId "12911941"]
[EventCountry "GER"]
[EventRounds "9"]
[EventType "swiss"]
[EventDate "2017.06.03"]

1. d4 d5 2. c4 e6 3. cxd5 exd5 4. Nc3 Nf6 5. Bg5 Bb4 6. e3 Bf5 7. Nf3 Nbd7 8.
Be2 h6 9. Bh4 c6 10. a3 Bd6 11. Bg3 Qc7 12. Rc1 Nb6 13. Nb5 Qd7 14. Nxd6+ Ke7
15. Nxf5+ Qxf5 16. Bd3 Qe6 17. Qc2 Ne4 18. Bxe4 dxe4 19. Qc5+ Kd7 20. Ne5+ Ke8
21. Nc4 Nxc4 22. Qxc4 Qf5 23. Qc5 Qg4 24. h3 Qg6 25. Qd6 Qxd6 26. Bxd6 Kd7 27.
Bg3 Rhd8 28. Ke2 Ke6 29. Rc5 f6 30. f3 exf3+ 31. gxf3 Rd7 32. Rhc1 a5 33. a4
Ra6 34. Be1 Rb6 35. R1c2 Rd6 36. Bxa5 Ra6 37. Bb4 Rxa4 38. Ba3 Rd7 39. R2c3 g6
40. b4 Rc7 41. b5 Ra5 42. bxc6 Rxc5 43. Rxc5 bxc6 44. d5+ Kd7 45. Rxc6 Ra7 46.
Bc5 Ra5 47. e4 g5 48. Bf8 h5 49. Rxf6 Ra2+ 50. Kd3 Rh2 51. Bc5 Rxh3 52. e5 g4
53. e6+ Kc7 54. Rf7+ Kb8 55. e7 Kb7 56. e8=Q+ Ka6 57. Qa4# 1-0